01000nam a2200241Ia 450000100060000000300090000600800410001504000130005604000130006904100130008210000230009510000290011824500640014724500640021125000110027526000110028626000180029726000490031530000570036450002860042165000200070765000310072779669IT-RoPAU130308s9999 xx 000 0 und d aIT-RoPAU cIT-RoPAU aITALIANO aAdinolfi Francesco gCodice Aut. SPICS: 28815 aSuoni dal ghetto-La musica Rap dalla strada alle hit-parade bSuoni dal Ghetto-La Musica Rap Dalla strada Alle Hit-Parade a1a ed. aGENOVA bCosta & Nolan c1989 [1° Ed.:1989 - Ed.Ling.Originale:1989] a"160 p. (prefazione: no ; testo: 160 [pagine: 0-0])" aRap e Reggae Dalla strada al Disco Alle radici del Rap Dis Rap e la Poetica dell'Insulto Ballata del Bad Man Nuovi Tricksters Rap e Politica Due Critiche Machismo e business Rap e Antifemminismo manipolazione ideologica e Commercializzazione protagonisti Discografia e Bibliografia aGENERI MUSICALI eCodice materia Spics: 7010